Current World Football Dream XI - Statistics

General Stats
  • This quiz has been taken 106 times
  • The average score is 9 of 11
Answer Stats
Position Answer % Correct
ST Cristiano Ronaldo
100%
RAM Lionel Messi
99%
CB Sergio Ramos
92%
GK Manuel Neuer
91%
LAM Neymar
88%
CM Luka Modric
81%
ST Luis Suarez
80%
CM Toni Kroos
79%
LB Marcelo
78%
RB Dani Alves
68%
CB Leonardo Bonucci
40%
No matching quizzes found
Score Distribution
Percent of People with Each Score
Percentile by Number Answered
Your Score History
You have not taken this quiz